Business ethics : (Record no. 130279)

MARC details
000 -LEADER
fixed length control field 00909cam a22002414i 4500
003 - CONTROL NUMBER IDENTIFIER
control field OSt
005 - DATE AND TIME OF LATEST TRANSACTION
control field 20240222150347.0
008 - FIXED-LENGTH DATA ELEMENTS--GENERAL INFORMATION
fixed length control field
020 ## - INTERNATIONAL STANDARD BOOK NUMBER
International Standard Book Number 9781285428710 (paperback.)
040 ## - CATALOGING SOURCE
Transcribing agency NUST
Original cataloging agency NUST
Language of cataloging eng
Modifying agency NUST
Description conventions rda
050 ## - LIBRARY OF CONGRESS CALL NUMBER
Classification number HF5387.5.U6 JEN
100 1# - MAIN ENTRY--PERSONAL NAME
Personal name Jennings, Marianne.
Relator term Author
245 10 - TITLE STATEMENT
Title Business ethics :
Remainder of title case studies and selected readings /
Statement of responsibility, etc. Marianne Moody Jennings, Arizona State University.
250 ## - EDITION STATEMENT
Edition statement Eight edition
260 ## - PUBLICATION, DISTRIBUTION, ETC.
Place of publication, distribution, etc. Stamford, CT ;
Name of publisher, distributor, etc. Cengage Learning,
Date of publication, distribution, etc. 2015.
300 ## - PHYSICAL DESCRIPTION
Extent xxiii, 646 pages :
Other physical details illustration ;
Dimensions 26 cm.
336 ## - CONTENT TYPE
Source rdacontent
Content type term text
Content type code txt
337 ## - MEDIA TYPE
Source rdamedia
Media type term unmediated
Media type code n
338 ## - CARRIER TYPE
Source rdacarrier
Carrier type term volume
Carrier type code nc
504 ## - BIBLIOGRAPHY, ETC. NOTE
Bibliography, etc. note Includes bibliographical references and index.
650 #0 - SUBJECT ADDED ENTRY--TOPICAL TERM
Topical term or geographic name entry element Business ethics
Geographic subdivision United States
Form subdivision Case studies.
942 ## - ADDED ENTRY ELEMENTS (KOHA)
Koha item type Ordinary Loan Books
Call number prefix HF
Call number suffix JEN
Source of classification or shelving scheme Library of Congress Classification
Edition Eighth edition
Classification part HF5387.5.U6
Suppress in OPAC No
Holdings
Withdrawn status Lost status Source of classification or shelving scheme Damaged status Not for loan Collection Home library Current library Shelving location Date acquired Source of acquisition Cost, normal purchase price Total Checkouts Full call number Barcode Date last seen Accession number Cost, replacement price Price effective from Koha item type Public note
    LCC     NFIC MAIN MAIN GEN 01/23/2023 Book Aid International 50.00 7 HF5387.5.U6 JEN 92004041889 01/23/2023 16/193 50.00 01/23/2023 BOOKS Donation